Quizzes
Events
Quiz Creation
Community
Videos
Private Events
Remove Ads
Sign In
Join for FREE
Feedback
Dark Mode
Quiz Categories
Sports
Geography
Music
Movies
Television
Just For Fun
Miscellaneous
History
Literature
Language
Science
Gaming
Entertainment
Religion
Holiday
For Kids
Quiz Lab
Recent
Popular Today
Quiz Kudos Today
Editor Picks
Curator Picks
Quizzes by...
Day
Popularity
Type
Ratings
Length
Year
Community
Subscriptions
Recent Discussions
Orange Saloon
Badges
Playlists
Quests
Create
Leaderboards
Showdown
Live 5
Trivia Bingo
Activity
Puzzle Library
Sporcle Events
Private Events
Virtual Trivia
Globe League
Become a Host
Pub Owners
SporcleCon
Opinionation
Our Games
Videos
Blog
Mobile Apps
Partnerships
Remove Ads and Go Orange
Feedback
Geography
Country
Landmarks
City
State
Population
World
Capital
Continent
Flags
Europe
Africa
Asia
South America
North America
Oceania
Border
Canada
United Kingdom
Topography
United States
Geography
Country
Landmarks
City
State
Population
World
Capital
Continent
Flags
Europe
Africa
Asia
South America
North America
Oceania
Border
Canada
United Kingdom
Topography
United States
Random Quiz
Search Sporcle
×
Quiz Lab
Quiz Lab
Geography
State
Type in answers that appear in a list
Type in answers that appear in a list
Classic
Best Score? Go Orange.
States and their Abbreviations without Vowels Stats
Can you name the States without V-O-W-E-L and their Abbreviations without Vowels?
By
MJK7221995617AM
7m
28 Questions
51 Plays
51 Plays
51 Plays
Comments
Comments
Give Quiz Kudos
Give Quiz Kudos
-
- Ratings
hide this ad
More Info
Replay
Link that replays current quiz
Next Quiz
Link to next quiz in quiz playlist
You Got
0%
They Got
Avg Score
55%
Avg Friend Score
Upgrade to see
Score Distribution
Jump to the score distribution portion of the page
Score
0/28
Timer
07:00
0
Plays Today
Hint
State
% Correct
STATE
KANSAS
72.5%
ABBREVIATION (POSTAL CODE)
KANSAS
72.5%
ABBREVIATION (POSTAL CODE)
NEW MEXICO
68.6%
STATE
MISSISSIPPI
66.7%
ABBREVIATION (POSTAL CODE)
MISSISSIPPI
66.7%
ABBREVIATION (POSTAL CODE)
KENTUCKY
62.7%
ABBREVIATION (POSTAL CODE)
NEW HAMPSHIRE
62.7%
ABBREVIATION (POSTAL CODE)
NORTH CAROLINA
62.7%
ABBREVIATION (POSTAL CODE)
NORTH DAKOTA
62.7%
ABBREVIATION (POSTAL CODE)
SOUTH DAKOTA
62.7%
ABBREVIATION (POSTAL CODE)
FLORIDA
60.8%
ABBREVIATION (POSTAL CODE)
NEW YORK
60.8%
ABBREVIATION (POSTAL CODE)
SOUTH CAROLINA
60.8%
ABBREVIATION (POSTAL CODE)
TEXAS
60.8%
Hint
State
% Correct
ABBREVIATION (POSTAL CODE)
MINNESOTA
58.8%
ABBREVIATION (POSTAL CODE)
MONTANA
54.9%
ABBREVIATION (POSTAL CODE)
NEVADA
54.9%
ABBREVIATION (POSTAL CODE)
TENNESSEE
54.9%
ABBREVIATION (POSTAL CODE)
VERMONT
54.9%
ABBREVIATION (POSTAL CODE)
NEW JERSEY
51%
ABBREVIATION (POSTAL CODE)
WEST VIRGINIA
51%
ABBREVIATION (POSTAL CODE)
WYOMING
51%
ABBREVIATION (POSTAL CODE)
CONNECTICUT
49%
ABBREVIATION (POSTAL CODE)
MARYLAND
47.1%
STATE
ARKANSAS
41.2%
STATE
INDIANA
39.2%
STATE
MICHIGAN
39.2%
STATE
UTAH
39.2%
Quiz Playlist
Details
Report
Send in Message
Add To Playlist
More Info:
USE FULL STATE NAMES WHEN ANSWERING ALL!!!
Classic:
Type in answers that appear in a list
Last Updated: Feb 16, 2017
Quiz Scoreboard
CHALLENGE
Sign Up to Join the Scoreboard
Show All
Scores
Hide
Comments
May contain spoilers
Recently Published
An Introduction to Baseball
by treessimontrees
Sports
5m
Movies - When Are They Set?
by FPL_Elf
Movies
5m
Popular People in 1961
by mucciniale
History
6m
More to Explore
Quiz From the Vault
Featured Blog Post
Where Did the Easter Bunny Come From?
hide this ad
You Might Also Like...
Tags
State Quiz
Abbreviation
No
Vowel
Today's Top Quizzes in Geography
Browse Geography
hide this ad
Today's Top Quizzes in State
Browse State
Top Contributed Quizzes in Geography
1
Countries of the World - No Outlines Minefield
2
Top 25 Cities of France on a map
3
Closest Countries to UK A-Z
4
Any capital of a 'B' country per Continent
5
One Thing in Common: United Kingdom
6
Find the Provinces of Canada - No Outlines Minefield
7
Any capital of a 'C' country per Continent
8
Blind Secret Country CLXXXVIII
9
Find the US States - No Outlines
10
Any capital of a 'D' country per Continent
Explore More
Trending Topics
Disney
Kpop
Marvel
Anime
NBA
Crossword
Harry Potter
Pokémon
Country
Soccer
The Office
Puzzle
NFL
Song
WWE
hide this ad
More By:
MJK7221995617AM
Quiz
Plays
Rating
Category
Featured
Created
US States: Oldest to Newest
62,447
3.72
Geography
Jun 1, 2014
Military Branches by Emblem
42,075
4.42
History
Mar 22, 2015
Spanish Speaking Capitals Click Mines
4,504
3.54
Language
Sep 11, 2012
Phases of Mitosis by Pictures - Blitz
4,347
4.25
Science
Apr 14, 2015
Reading BACKWARDS Challenge - SLIDESHOW
4,042
3.54
Just For Fun
Mar 24, 2015
Go to Creator's Profile
Score Distribution
Quiz Creator Spotlight
MJK7221995617AM
Follow
Send a Message
Quizzes Created
-
Created Quiz Play Count
-
More By This Creator
Popular Quizzes Today
1
Find the Countries of Europe - No Outlines Minefield
2
Find the US States - No Outlines Minefield
3
The Countries of the World
4
Popular People in 1961
5
US States
6
Find the US States
7
1-10 Letter E Words III
8
Risky Map Clicking: Biggest States A-Z
More Geography Quizzes
Isogram Blitz: North & South American Rivers
Published
Trending Quizzes
Risky Map Clicking: Least Populous States A-Z
1-10 Letter F Words
1-10 Letter G Words
Not Quite an Element Typing Challenge
One Thing in Common: United Kingdom
Recently Updated
Leaping Animals
pecheneg
Reality TV Shows (A-Z)
bhenderson79
Rickey Henderson's Hall of Fame Teammates
pecheneg
Champions League XIs: Arsenal
pecheneg
Quick Pick: Celebrities in WWE's Hall of Fame
aduchscher
A-Z Keypad Blitz II
pecheneg
Multiple Oscar Actors
pecheneg
Mystery Phrase Blitz: Oscar 'Best Actors'
pecheneg
F. Scott Fitzgerald Novels
LTH
Pick 3 Villains
ddd62291
Trending Topics
NBA
Harry Potter
Anime
Crossword
Disney
Marvel
Kpop
Pokémon
Song
Country
NFL
Soccer
WWE
The Office
Puzzle
Your Account Isn't Verified!
In order to create a playlist on Sporcle, you need to verify the email address you used during registration. Go to your
Sporcle Settings
to finish the process.
Report this User
Report this user for behavior that violates our
Community Guidelines
.
Details:
Send Report
Go to the Sporcle.com Mobile Site →
Comments